000 00745cam a22002413a 4500
001 20734
003 PGUSA
005 20140828083436.0
008 070303s2007||||xxu|||||s|||||000 | eng d
040 _aPGUSA
_beng
042 _adc
050 4 _aDG
100 1 _aDillaway, Charles K.
_q(Charles Knapp),
_d1804-1889
245 1 0 _aRoman Antiquities, and Ancient Mythology :
_bFor Classical Schools (2nd ed)
_h[electronic resource] /
_cCharles K. Dillaway
260 _bProject Gutenberg,
_c2007
506 _aPublic domain in the USA.
516 _aElectronic text
653 _aRome -- Antiquities
653 _aMythology, Classical
830 0 _aProject Gutenberg
_v20734
856 4 0 _uhttp://www.gutenberg.org/ebooks/20734
942 _cEB
999 _c249989
_d249989